| 000 | 02275nam a2200301Ia 4500 | ||
|---|---|---|---|
| 999 |
_c54888 _d54888 |
||
| 001 | 21957 | ||
| 003 | GE_BSU | ||
| 005 | 20220913113916.0 | ||
| 008 | 181216s ||||ge |||||||||||||| ||geo|| | ||
| 040 | _cGE_BSU | ||
| 041 | _ageo | ||
| 080 | _a821.353.1-6 ს-30 | ||
| 245 |
_aსასიყვარულო ბარათები : _bალბომი მომზადდა საგამოფენო პროექტის -"სასიყვარულო ბარათები"-მიხედვით / _cპროექტის დირექტორი ბუბა კუდავა ; პროექტის ავტ.: თამარ გეგია, ლელა ქურდაძე ; სამუშაო ჯგუფი : მაია გარუჩავა [და სხვ.]. |
||
| 264 |
_aთბილისი : _bხელნაწერთა ეროვნული ცენტრი, _c2009. |
||
| 300 |
_a48გვ. : _bფოტ. ; _c15სმ. |
||
| 500 | _aსაგამოფენო პროექტი განახორციელდა თიბის ბანკის მხარდაჭერით | ||
| 520 | _aსაგამოფენო პროექტი განახორციელდა თიბის ბანკის მხარდაჭერით | ||
| 541 | _h4ლ. | ||
| 653 | _aXVIII-XIX საუკუნეების ეპისტოლეები | ||
| 653 | _a ილია ჭავჭავაძე-ოლღა გურამიშვილი | ||
| 653 | _a დიმიტრი ხოშტარია-ანასტასია ერისთავი-ხოშტარია | ||
| 653 | _a ივანე ჯავახიშვილი-ანასტასია ჯამბაკურ-ორბელიანი | ||
| 653 | _a კონსტანტინე გამსახურდია-რებეკა ვაშაძე | ||
| 653 | _a დიმიტრი შევარდნაძე-ქეთევან მაღალაშვილი | ||
| 653 | _aსასიყვარულო ბარათები | ||
| 653 | _aქართული ლიტერატურა | ||
| 942 |
_cBK _2udc |
||